| 000 | 00941nam a2200277 a 4500 | ||
|---|---|---|---|
| 001 | 10502 | ||
| 003 | BD-RjUL | ||
| 005 | 20211208234951.0 | ||
| 008 | 140123s1979 enka b 101 0 eng | ||
| 020 | _a0126289506 : | ||
| 035 | _a(BD-RjUL)10550 | ||
| 040 |
_aDLC _cDLC _dBD-RjUL _beng |
||
| 041 | _aeng | ||
| 082 | 0 | 0 |
_a616.895 _bORI 1979 _223 |
| 245 | 0 | 0 |
_aOrigin, prevention, and treatment of affective disorders / _cedited by M. Schou, E. Strömgren. |
| 260 |
_aLondon : _aNew York : _bAcademic Press, _cc1979. |
||
| 300 |
_axiii, 307 p. : _bill. ; _c24 cm. |
||
| 504 | _aIncludes bibliography and index. | ||
| 650 | 0 |
_aManic-depressive illness _xChemotherapy _xCongresses. _932444 |
|
| 650 | 0 |
_aLithium _xTherapeutic use _xCongresses. _932445 |
|
| 700 | 1 |
_aSchou, Mogens. _932446 |
|
| 700 | 1 |
_aStrömgren, Erik _d1909- _932447 |
|
| 710 | 2 |
_aAarhus universitet. _bInstitute of Psychiatry. _932448 |
|
| 942 |
_2ddc _cBK |
||
| 999 |
_c10502 _d10502 |
||